00656 2200229 4500001002100000005001500021035002000036245012500056100001900181250000600200300003500206700001600241260004300257082000800300084001400308020002200322650001400344990001700358990001700375990001700392990001700409INLIS00000000000113720190503044237 a0010-05190000281 aMengenal Bumi Untuk Menjaga Kelestarian Bumi Seri 3 :bEnergi dan Permasalahannya /cDelik Iskandar; Editor, Ina Hasanah0 aDelik Iskandar a- aiv, 52 hlm. :bilus. ;c25 cm.0 aIna Hasanah aSurabaya :bCV Graha Ilmu Mulia,c2010 a550 a550 DEL m a978-979-756-011-9 aIlmu Bumi a04067/H/2018 a04068/H/2018 a04069/H/2018 a04149/H/2018